Základné východiská, trendy a stratégia výskumu a vývoja v Slovenskej republike

Cieľom stratégie v oblasti slovenského výskumu a vývoja (VaV) je podporovať tvorbu nových poznatkov, spoluprácu výskumnej sféry s hospodárskou praxou a s inštitúciami európskeho výskumného priestoru (EVP) a účinnejšie prispievať k technologickému rozvoju a k inovačnému pokroku založenému na domáco...

Descrizione completa

Salvato in:
Dettagli Bibliografici
Autore principale: Kačírková, Mária
Natura: Capitolo di libro
Lingua:slovacco
Soggetti:
Tags: Aggiungi Tag
Nessun Tag, puoi essere il primo ad aggiungerne!!

MARC

LEADER 00000nla a2200000 4500
001 0233417
005 20240417075122.4
041 0 |a slo 
044 |a SK 
245 1 0 |a Základné východiská, trendy a stratégia výskumu a vývoja v Slovenskej republike  |c Mária Kačírková 
520 |a Cieľom stratégie v oblasti slovenského výskumu a vývoja (VaV) je podporovať tvorbu nových poznatkov, spoluprácu výskumnej sféry s hospodárskou praxou a s inštitúciami európskeho výskumného priestoru (EVP) a účinnejšie prispievať k technologickému rozvoju a k inovačnému pokroku založenému na domácom výskume. Základnou podmienkou výkonnosti a kvality výskumu a vývoja je dostatočný počet kvalifikovaných ľudských zdrojov, moderná infraštruktúra, stabilné financovanie vedy a výskumu, inštitucionálne prostredie podporujúce jeho rozvoj a spolupráca aktérov inovačného procesu. Dôležitým predpokladom efektívnej spolupráce domáceho výskumu so špičkovým výskumom vo svete je tiež zapojenie Slovenskej republiky do európskej výskumnej infraštruktúry. Príspevok hodnotí vyššie uvedenú problematiku v podmienkach SR a naznačuje ďalší rozvoj výskumu a vývoja na základe strategických dokumentov. 
610 2 0 |a výskum 
610 2 0 |a vývoj 
610 2 0 |a veda 
610 2 0 |a zdroje ľudské 
610 2 0 |a financovanie vývoja 
610 2 0 |a financovanie vedy 
610 2 0 |a inovácia 
610 2 0 |a Slovensko 
610 2 0 |a Európa 
610 2 0 |a spoločnosť vedomostná 
610 2 0 |a ekonomika znalostná 
100 1 |a Kačírková, Mária